Taylor Swift- Mastermind (All Lyrics) - Statistics

General Stats
  • This quiz has been taken 100 times
  • The average score is 301 of 337
Answer Stats
Lyrics % Correct
a
100%
and
100%
And
100%
I
100%
I'm
100%
it
100%
It
100%
mastermind?
100%
mastermind
100%
No
100%
the
100%
The
100%
was
100%
You
100%
you
100%
your
100%
all
98%
you're
98%
'Cause
97%
design
97%
in
97%
In
97%
me
97%
none
97%
of
97%
Of
97%
To
97%
to
97%
accidental?
95%
accidental
95%
if
95%
If
95%
mine
95%
now
95%
on
95%
time,
95%
time
95%
told
95%
What
95%
be
94%
by
94%
do
94%
like
94%
one
94%
wanted
94%
as
92%
first
92%
lit
92%
plan,
92%
plan
92%
that
92%
kid
90%
knew
90%
little
90%
love
90%
Once
90%
saw
90%
Saw
90%
So
90%
up
90%
upon
90%
criminal
89%
play
89%
same
89%
see,
89%
with
89%
ever
87%
line
87%
At
85%
been
85%
I've
85%
this
85%
This
85%
dominoes
84%
since
84%
fail
82%
make
82%
night
82%
room
82%
stars
82%
stop
82%
effortless
81%
ended
81%
gonna
81%
scheming
81%
aligned
79%
body
79%
cascaded
79%
clockwork
79%
my
79%
Nothing
79%
planets
79%
then
79%
reaction
77%
seem
77%
entire
76%
Just
76%
lose
76%
them
76%
we
76%
felt
74%
groundwork,
74%
need
74%
were
74%
chain
73%
confess
73%
couldn't
73%
face
73%
Had
73%
smirk
73%
is
71%
laid
71%
only
71%
Checkmate,
69%
way
69%
care
66%
fuse
66%
every
65%
hand
65%
touch
65%
women
65%
countermoves
63%
born
61%
equation
61%
game
61%
lover's
61%
wisest
61%
cryptic
60%
swear
60%
wide
60%
wind
60%
cocktails
58%
did
58%
our
58%
for
56%
smile
56%
pawn
55%
assess
53%
fates
53%
liquor
53%
free-
52%
sails
52%
Strategy
52%
Yeah,
52%
flowing
48%
sets
47%
scene
44%
Machiavellian
39%
tale
39%
No matching quizzes found
Score Distribution
Percent of People with Each Score
Percentile by Number Answered
Your Score History
You have not taken this quiz